000 02352nam a22003255i 4500
001 162695
003 ES-MaACL
005 20250907063124.0
008 050630s1696 gw afb |||| | ger d
040 _aCAM
_bspa
_cCAM
100 1 _aPufendorf, Samuel,
_cFreiherr von,
_d1632-1694
_9131409
245 1 0 _aSamuelis liberi baronis de Pufendorf, De rebus a Carolo Gustavo Sueciae rege gestis commentariorum libri septem
_b: elegantissimis tabulis aeneis exortati : cum triplici indice.
260 _aNorimbergae :
_bsumptibus Christophori Riegelii,
_c1696 (
_fliteris Knorzianis)
300 _a[10], 626, [1] en bl., 53, [11] p., [1] h. de grab., 10 h. de grab. , 106 h. de grab., dobles, [1] h. de grab. pleg. :
_bil. ;
_cFol. (38 cm )
597 _aSign.: []2, 2)(3, A-4I4, 4K2, a-h4.
597 _aFront. calc.:"J. boutanger ? sculpsit", alegórico.
597 _aTexto a dos col.
597 _aPort. con esc. calc. real.
599 _aLas. de grab. pleg.: paisajes, imágenes de batallas, mapas, planos de batallas.
599 _aLa h. de grab. pleg. (con 24 dobleces), cortejo real en las exequias del rey Carlos Gustavo X, el 3 de noviembre de 1660.
599 _aLa [h]. de grab., retrato de Carlos XI de Suecia: "S. Blesendorff. Ser. Elect. Branda sculptor."
599 _aLas h. de grab., retrato de Cristina, reina de Suecia: "Le Beck pinxit., P. Lombart sculp. 1668", retrato de Carlos Gustavo X, rey de Suecia: "Dauuid [sic] Klööker pinxit, Petrus van-Schuppen sculp. 1668", retrato de Eduvigis Eleonora, reina de Suecia : "Dauuid [sic] Klööker pinxit, Petrus van-Schuppen sculp. 1667", retrato del príncipe Adolfo Juan, conde palatino, retrato de Gabriel de la Gardie, retrato de Pedro Brahe, retrato del principe Carlos, retrato de Gustavo Bonndhe ...
600 0 7 _aCarlos Gustavo
_bX,
_cRey de Suecia
_2embne-TB
_9126336
600 0 7 _aCarlos
_bXI,
_cRey de Suecia
_2
_9126338
600 1 4 _aCristina
_cReina de Suecia.
_9126641
700 1 _aRiegel, Christoph.
_9131811
740 0 _aDe rebus a Carolo Gustavo Sueciae Rege gestis commentariorum libri septem.
852 _aES-MaACL
_jR-1514-15
_z-- Enc. pasta española con hierros
_q-- Falto de las pp. 363-364 (primeras del 2º vol.); en la p. 362 consta el reclamo: "Samue-"
_z-- Enc. 1 t. en 2 v.
_x-- Olim: G-1928-29
999 _c162695
_d162695